| 000 | 01479nam0a22002771 4500 | ||
|---|---|---|---|
| 001 | RU\NLR\KADK\50612 | ||
| 005 | 20251203171251.9 | ||
| 035 | _a(NLR Aleph) 009860339 | ||
| 090 |
_a10383655 _c10383655 |
||
| 100 | _a19980929d1736 u y0rusy50 ca | ||
| 101 | 0 | _ager | |
| 102 | _aRU | ||
| 200 | 1 | _aBegebenheiten von Azow wie selbiges lange vor Christi Geburth von den Grichen erbauet und bewohnet worden, welche Völcker es sonsten zu verschiedenen Zeiten besessen, wie es samt den umliegenden Ländern vor alters unter Rußland gestanden, hernach in Polowzische, Genuesische und Türckische Hände gerathen und wie es endlich von Rußland wieder erobert worden, in einem kurtzen Zusammenhange verfasset | |
| 210 |
_aSt. Petersburg [St.- Peterburg] _cAus der Buchdruckerey der Academie der Wissenschaften _d[1736] |
||
| 215 |
_a242 с., [2] л. ил. _d8°(17 см) |
||
| 300 | _aАвт.: Gottlieb Siegfried Bayer. Авт. и год изд. установл. по: СК XVIII (ин.).- Т. 1 | ||
| 317 |
_aЭкз. с наклейкой Б-ки 1-го Кадет. корп. и штампом Лен. Воен. б-ки _5Рэ ШК / B-357 O1 |
||
| 620 | _dSt.- Peterburg | ||
| 700 | 1 |
_aBayer _bG.S. _f1694-1738 _gGottlieb Siegfried _4070 |
|
| 712 | 0 | 1 |
_aAkademie der Wissenschaften _cPetersburg _bDruckerei _4610 |
| 801 | 0 |
_aRU _bNLR _c19980929 |
|
| 852 |
_aNLR _bБ-ка 1-го Кадет. Корп. _jРэ ШК / B-357 O1 |
||
| 942 | _cBOOK | ||
| 980 | _aNB | ||
| 980 | _aKADK | ||